Statistiche per Riconosci le Bandiere sbagliate - Quiz n°4

Clicka qui per fare il quiz!

Statistiche generali

  • Questo quiz è stato fatto 2 volte
  • Il punteggio medio è 15 su 30

Statistiche sulle risposte

DomandaCasellaSelect% Corretto
tutte le bandiere sbagliateNo
100%
tutte le bandiere sbagliateNo
100%
tutte le bandiere sbagliateNo
100%
tutte le bandiere sbagliateNo
50%
tutte le bandiere sbagliateNo
50%
tutte le bandiere sbagliateNo
50%
tutte le bandiere sbagliateNo
50%
tutte le bandiere sbagliate
50%
tutte le bandiere sbagliate
50%
tutte le bandiere sbagliateNo
50%
tutte le bandiere sbagliateNo
50%
tutte le bandiere sbagliateNo
50%
tutte le bandiere sbagliateNo
50%
tutte le bandiere sbagliate
50%
tutte le bandiere sbagliateNo
50%
tutte le bandiere sbagliateNo
50%
tutte le bandiere sbagliate
50%
tutte le bandiere sbagliate
50%
tutte le bandiere sbagliate
50%
tutte le bandiere sbagliate
50%
tutte le bandiere sbagliateNo
50%
tutte le bandiere sbagliateNo
50%
tutte le bandiere sbagliateNo
50%
tutte le bandiere sbagliate
50%
tutte le bandiere sbagliate
50%
tutte le bandiere sbagliate
50%
tutte le bandiere sbagliate
0%
tutte le bandiere sbagliate
0%
tutte le bandiere sbagliate
0%
tutte le bandiere sbagliate
0%

Distribuzione punteggi

Percentile per numero di risposta

Percentuale di utenti per punteggio

I tuoi punteggi nel tempo

Non hai fatto questo quiz